Statystyki dla Kraje z najwyższymi mieszkańcami na świecie

Kliknij tutaj aby rozwiązać quiz!

Ogólne statystyki

  • Ten quiz został rozwiązany 44 razy
  • Średni wynik to 6 z 10

Statystyki odpowiedzi

HintOdpowiedź% Poprawnych
1,83mHolandia
88%
1,81mNiemcy
85%
1,82mNorwegia
73%
1,82mDania
68%
1,79mLuksemburg
56%
1,80mCzechy
46%
1,80mChorwacja
41%
1,82mSerbia
41%
1,80mSłowenia
39%
1,83mCzarnogóra
32%

Rozkład punktacji

Percentyl według liczby udzielonych odpowiedzi

Procent ludzi z każdym wynikiem

Twoja historia wyników

Nie rozwiązałeś tego quizu